Welcome to CU Library Online Public Access Catalogue (OPAC)

Statistical process control and quality improvement / (Record no. 8116)

MARC details
000 -LEADER
fixed length control field 00683cam a2200217 a 4500
001 - CONTROL NUMBER
control field 3542333
005 - DATE AND TIME OF LATEST TRANSACTION
control field 20251106105524.0
008 - FIXED-LENGTH DATA ELEMENTS--GENERAL INFORMATION
fixed length control field 970530s1998 njua b 001 0 eng
020 ## - INTERNATIONAL STANDARD BOOK NUMBER
International Standard Book Number 0136178464
020 ## - INTERNATIONAL STANDARD BOOK NUMBER
International Standard Book Number 9780136178460
050 00 - LIBRARY OF CONGRESS CALL NUMBER
Classification number TS156.8
Item number .S618 1998
082 00 - DEWEY DECIMAL CLASSIFICATION NUMBER
Classification number 658.5/62
Edition information 21
100 1# - MAIN ENTRY--PERSONAL NAME
Personal name Smith, Gerald,
Dates associated with a name 1939-
245 10 - TITLE STATEMENT
Title Statistical process control and quality improvement /
Statement of responsibility, etc. Gerald M. Smith.
250 ## - EDITION STATEMENT
Edition statement 3rd ed.
260 ## - PUBLICATION, DISTRIBUTION, ETC.
Place of publication, distribution, etc. Upper Saddle River, N.J. :
Name of publisher, distributor, etc. Prentice Hall,
Date of publication, distribution, etc. c1998.
300 ## - PHYSICAL DESCRIPTION
Extent xv, 576 p. :
Other physical details ill. ;
Dimensions 25 cm.
650 #0 - SUBJECT ADDED ENTRY--TOPICAL TERM
Topical term or geographic name entry element Process control
General subdivision Statistical methods.
650 #0 - SUBJECT ADDED ENTRY--TOPICAL TERM
Topical term or geographic name entry element Quality control
General subdivision Statistical methods.
942 ## - ADDED ENTRY ELEMENTS (KOHA)
Source of classification or shelving scheme Library of Congress Classification
Koha item type Books
Edition 3rd ed.
Suppress in OPAC No
999 ## -
-- 8116
-- 8116
Holdings
Withdrawn status Lost status Source of classification or shelving scheme Damaged status Not for loan Collection Home library Current library Shelving location Date acquired Total checkouts Full call number Barcode Date last seen Copy number Price effective from Koha item type
    Library of Congress Classification     Non-fiction Science Library (Miotso) Science Library (Miotso) General stacks 11/06/2025   TS156.8 .S618 SMI SLM00005505 11/06/2025 1 11/06/2025 Books
© 2023-2024 Copyright: Central University Libraries. All Rights Reserved | Created by: Mahone Tech Office